CLINICAL APPROACH TO MARMA CHIKITSA (Record no. 34769)
[ view plain ]
| 000 -LEADER | |
|---|---|
| fixed length control field | 00378nam a22001577a 4500 |
| 003 - CONTROL NUMBER IDENTIFIER | |
| control field | SGT |
| 082 ## - DEWEY DECIMAL CLASSIFICATION NUMBER | |
| Classification number | 616.07 |
| Item number | C18P |
| 100 ## - MAIN ENTRY--PERSONAL NAME | |
| Personal name | PHULL, GAURAV |
| 245 ## - TITLE STATEMENT | |
| Title | CLINICAL APPROACH TO MARMA CHIKITSA |
| 250 ## - EDITION STATEMENT | |
| Edition statement | 1ST |
| 260 ## - PUBLICATION, DISTRIBUTION, ETC. (IMPRINT) | |
| Place of publication, distribution, etc | GURUGRAM |
| Name of publisher, distributor, etc | SHREE BALAGI PUB. |
| Year of Publication | 2018 |
| 300 ## - PAGE DESCRIPTION | |
| No. of Pages | 235 |
| 650 ## - SUBJECT ADDED ENTRY--TOPICAL TERM | |
| Topical term or geographic name as entry element | KAYACHIKITSA |
| 653 ## - KEYWORDS--INDEX TERM | |
| Keyword term | CLINICAL, APPROACH , MARMA, CHIKITSA |
| 942 ## - ADDED ENTRY ELEMENTS (KOHA) | |
| Source of classification or shelving scheme | Dewey Decimal Classification |
| Koha item type | Books |
| Withdrawn status | Lost status | Source of classification or shelving scheme | Damaged status | Not for loan | Collection code | Home library | Current library | Shelving location | Date acquired | Vendor Name | Cost, normal purchase price | SGTU | Total Checkouts | Full call number | Accession No. (Barcode) | Date last seen | Bill Date | Koha item type |
|---|---|---|---|---|---|---|---|---|---|---|---|---|---|---|---|---|---|---|
| Dewey Decimal Classification | AYURVEDA | SGT FA-FP Library | SGT FA-FP Library | Text Book | 01/05/2026 | DEPARTMENT OF MEDICINE | 600.00 | SGTU | 616.07 C18P | FA13540G | 01/05/2026 | 01/05/2026 | Books |